[Event "CZE-chT2B 1718"]
[Site "Czech Republic"]
[Date "2018.01.14"]
[Round "6.4"]
[White "Purnoch, Josef"]
[Black "Chaloupka, Vladimir"]
[Result "1/2-1/2"]
[WhiteElo "2155"]
[BlackElo "2075"]
[PlyCount "87"]
[EventDate "2017.10.15"]
[EventType "team-tourn"]
[EventRounds "11"]
[EventCountry "CZE"]
[SourceTitle "EXT 2022"]
[Source "ChessBase"]
[SourceDate "2021.10.06"]
[SourceVersion "1"]
[SourceVersionDate "2021.10.06"]
[SourceQuality "1"]
[WhiteTeam "Neratovice III"]
[BlackTeam "Litomerice"]
[WhiteTeamCountry "CZE"]
[BlackTeamCountry "CZE"]

1. d4 Nf6 2. c4 g6 3. Nc3 d5 4. Bf4 Bg7 5. e3 c6 6. Rc1 0-0 7. Nf3 Qa5 8. c5 Nh5 9. Bg5 Re8 10. Be2 Nd7 11. 0-0 e5 12. Nxe5 Nxe5 13. Bxh5 gxh5 14. dxe5 Rxe5 15. Bf4 Rf5 16. Bd6 Rg5 17. Re1 Bh3 18. Bg3 Be6 19. a3 Rg6 20. Bd6 Qd8 21. Qd2 h4 22. Ne2 Bf5 23. Nf4 Rg5 24. f3 Qf6 25. Re2 Re8 26. b4 a6 27. Rce1 Qc3 28. Qxc3 Bxc3 29. Rc1 Bg7 30. Kf2 h5 31. Rd2 Kh7 32. Ne2 Bf6 33. Nd4 Bd7 34. Bf4 Rg6 35. Re1 Reg8 36. Rg1 Re8 37. Re1 Reg8 38. Kf1 Re8 39. Rb1 Rc8 40. Rb3 Re8 41. Kf2 Reg8 42. Kf1 Re8 43. Kf2 Reg8 44. Kf1 1/2-1/2

[Event "CZE-chT1W 1617"]
[Site "Czech Republic"]
[Date "2017.01.08"]
[Round "5.1"]
[White "Purnoch, Josef"]
[Black "Netusil, Miloslav"]
[Result "1-0"]
[WhiteElo "2155"]
[BlackElo "2284"]
[PlyCount "63"]
[EventDate "2016.10.16"]
[EventType "team-tourn"]
[EventRounds "11"]
[EventCountry "CZE"]
[SourceTitle "CBM 177 Extra"]
[Source "ChessBase"]
[SourceDate "2017.04.27"]
[SourceVersion "1"]
[SourceVersionDate "2017.04.27"]
[SourceQuality "1"]
[WhiteTeam "Neratovice"]
[BlackTeam "Vysehrad"]
[WhiteTeamCountry "CZE"]
[BlackTeamCountry "CZE"]

1. d4 Nf6 2. c4 e5 3. dxe5 Ne4 4. a3 Nc6 5. e3 d6 6. Qc2 Nc5 7. b4 Ne6 8. exd6 Bxd6 9. Nf3 a5 10. b5 Ne7 11. Bb2 0-0 12. Nbd2 Nc5 13. Ne4 Nxe4 14. Qxe4 Nf5 15. Be2 Re8 16. Qc2 Qe7 17. Qc3 f6 18. 0-0 b6 19. Bd3 Qf7 20. Qc2 Qh5 21. Be4 Rb8 22. Rfd1 Kh8 23. Rd5 g6 24. Bxf6+ Kg8 25. h3 Bd7 26. Nd4 Nxd4 27. exd4 Qh6 28. c5 Qf4 29. cxd6 Rxe4 30. dxc7 Rbe8 31. Be5 Qf5 32. Rxd7 1-0

[Event "CZE-chT1W 1617"]
[Site "Czech Republic"]
[Date "2016.11.06"]
[Round "2.1"]
[White "Tupy, Martin"]
[Black "Purnoch, Josef"]
[Result "1-0"]
[WhiteElo "2250"]
[BlackElo "2155"]
[PlyCount "55"]
[EventDate "2016.10.16"]
[EventType "team-tourn"]
[EventRounds "11"]
[EventCountry "CZE"]
[SourceTitle "CBM 175 Extra"]
[Source "ChessBase"]
[SourceDate "2016.12.12"]
[SourceVersion "1"]
[SourceVersionDate "2016.12.12"]
[SourceQuality "1"]
[WhiteTeam "Ceske Budejovice"]
[BlackTeam "Neratovice"]
[WhiteTeamCountry "CZE"]
[BlackTeamCountry "CZE"]

1. d4 Nf6 2. c4 c5 3. d5 e6 4. Nc3 exd5 5. cxd5 d6 6. e4 g6 7. Nf3 Bg7 8. h3 0-0 9. Bd3 Nh5 10. Bg5 Bf6 11. Be3 Nd7 12. 0-0 Re8 13. Qc2 Ne5 14. Nxe5 Bxe5 15. f4 Bg7 16. g4 Nf6 17. Qg2 a6 18. a4 Nxe4 19. Nxe4 f5 20. gxf5 gxf5 21. Bd2 fxe4 22. Bc3 Qc7 23. f5 Bxf5 24. Rxf5 exd3 25. Bxg7 h6 26. Bxh6+ Kh7 27. Rh5 Qf7 28. Bf8+ 1-0

[Event "CZE-chT1W 1516"]
[Site "Czech Republic"]
[Date "2016.02.28"]
[Round "9.7"]
[White "Purnoch, Josef"]
[Black "Borkovec, Milan"]
[Result "0-1"]
[WhiteElo "2181"]
[BlackElo "2223"]
[PlyCount "74"]
[EventDate "2015.10.11"]
[EventType "team-tourn"]
[EventRounds "11"]
[EventCountry "CZE"]
[SourceTitle "EXT 2017"]
[Source "ChessBase"]
[SourceDate "2016.10.25"]
[SourceVersion "1"]
[SourceVersionDate "2016.10.25"]
[SourceQuality "1"]
[WhiteTeam "Neratovice"]
[BlackTeam "Ceske Budejovice"]
[WhiteTeamCountry "CZE"]
[BlackTeamCountry "CZE"]

1. d4 Nf6 2. c4 c5 3. d5 e6 4. Nc3 exd5 5. cxd5 d6 6. e4 g6 7. f4 Bg7 8. Nf3 0-0 9. Be2 Bg4 10. 0-0 Bxf3 11. Bxf3 Nbd7 12. Qc2 a6 13. a4 Rb8 14. Bd2 b5 15. axb5 axb5 16. Rae1 Ne8 17. g4 Nc7 18. g5 c4 19. Nd1 Nc5 20. Re2 Nb3 21. Be3 Na6 22. Rg2 Nb4 23. Qf2 Nd3 24. Qg3 Nd4 25. Bg4 f5 26. gxf6 Bxf6 27. h4 Rb7 28. h5 gxh5 29. Bxh5+ Rg7 30. Qh3 Rxg2+ 31. Kxg2 Kh8 32. Rh1 Rg8+ 33. Kf1 Qa5 34. Nc3 Qc7 35. Bxd4 Bxd4 36. Nxb5 Qg7 37. Be2 Qg1+ 0-1

[Event "CZE-chT2B 1516"]
[Site "Czech Republic"]
[Date "2016.01.10"]
[Round "5.3"]
[White "Purnoch, Josef"]
[Black "Braun, Marek"]
[Result "1/2-1/2"]
[WhiteElo "2155"]
[BlackElo "2195"]
[PlyCount "85"]
[EventDate "2015.10.18"]
[EventType "team-tourn"]
[EventRounds "11"]
[EventCountry "CZE"]
[SourceTitle "EXT 2022"]
[Source "ChessBase"]
[SourceDate "2021.10.06"]
[SourceVersion "1"]
[SourceVersionDate "2021.10.06"]
[SourceQuality "1"]
[WhiteTeam "Neratovice II"]
[BlackTeam "Turnov Zikuda II"]
[WhiteTeamCountry "CZE"]
[BlackTeamCountry "CZE"]

1. d4 Nf6 2. c4 d6 3. Nc3 g6 4. e4 Bg7 5. f4 0-0 6. Nf3 c5 7. d5 a6 8. a4 Ne8 9. Bd3 e5 10. fxe5 dxe5 11. Be3 Nd7 12. 0-0 Nd6 13. Qd2 f5 14. Rab1 a5 15. Qf2 b6 16. Bg5 Bf6 17. Qh4 Qe7 18. Rbe1 f4 19. g3 fxg3 20. Qxg3 Bxg5 21. Nxg5 Nf6 22. Be2 Bd7 23. b3 Rae8 24. Bd1 Kh8 25. Rf2 h6 26. Nf3 g5 27. Nd2 Qg7 28. Ref1 Kh7 29. Rg2 g4 30. Qh4 Qg6 31. h3 Nfxe4 32. Rxf8 Rxf8 33. Ndxe4 Nxe4 34. Nxe4 Qxe4 35. Qe7+ Kg8 36. Qxd7 Qd4+ 37. Kh2 Qf4+ 38. Kh1 Qf1+ 39. Kh2 Qf4+ 40. Kg1 Qe3+ 41. Kh2 Qxh3+ 42. Kg1 Qe3+ 43. Kh2 1/2-1/2